Cajita de sorpresas : (Registro nro. 11447)
[ vista simple ]
| 000 -LIDER | |
|---|---|
| fixed length control field | 00708nam a22002297a 4500 |
| 001 - NÚMERO DE CONTROL | |
| Identificador de número de control | 000512 |
| 003 - IDENTIFICACDOR DE NÚMERO DE CONTROL | |
| control field | DO-SdBNP |
| 005 - DATE AND TIME OF LATEST TRANSACTION | |
| control field | 20171129133702.0 |
| 007 - CAMPOS FIJOS DE DESCRIPCIÓN FÍSICA | |
| fixed length control field | 000512 |
| 008 - ELEMENTOS DE LONGITUD FIJA | |
| fixed length control field | 160919b 2001 sp a ||||| |||| 00| 0 spa d |
| 020 ## - ISBN | |
| International Standard Book Number | 8477640270 |
| 040 ## - FUENTE DE CATALOGACIÓN | |
| Agencia que crea de manera original el registro | BPMSU |
| Idioma de catalogación | spa |
| Agencia que realiza la transcripción | BPMSU |
| 092 ## - LOCALLY ASSIGNED DEWEY DECIMAL CALL NUMBER | |
| Número de clasificación | xxxxx |
| Número de ítem (Cutter) | xxxxx |
| 245 10 - MENCIÓN DE TITULO | |
| Título | Cajita de sorpresas : |
| Subtítulo | orientaciones para padres y maestros sobre el desarrollo psicofísico infantil. |
| 260 ## - PUBLICACIÓN, DISTRIBUCIÓN, ETC. (PIE DE IMPRENTA) | |
| Lugar de publicación, distribución, etc | Barcelona : |
| Nombre del editor, distribuidor, etc. | Océano, |
| Fecha de publicación, distribución, etc | 2001. |
| 300 ## - DESCRIPCIÓN FÍSICA | |
| Extensión | v |
| Otros detalles físicos | il. ; |
| Dimensiones | 24 cm. |
| 500 ## - NOTA GENERAL | |
| Nota general | La biblioteca posee el v. 4 |
| 505 0# - NOTA DE CONTENIDO | |
| Información miscelánea | v. 4 |
| Título | El niño y su mundo. |
| 942 ## - ADDED ENTRY ELEMENTS (KOHA) | |
| Source of classification or shelving scheme | Dewey Decimal Classification |
| Koha item type | Libros |
| 945 ## - INFORMACIÓN DE PROCESAMIENTO LOCAL | |
| Información de procesamiento local | Inventariado extranjero / 2017 BT |
| 956 ## - LOCAL ELECTRONIC LOCATION AND ACCESS (OCLC) | |
| Método de acceso | LOPEREZ |
| Materiales especificados | 10 |
| Enlace | 20160919 |
| Campo enlazado y núm. de secuencia | BPMSU |
| Nombre de host | 00041 |
| Withdrawn status | Lost status | Source of classification or shelving scheme | Damaged status | Not for loan | Collection code | Home library | Current library | Date acquired | Source of acquisition | Total Checkouts | Barcode | Date last seen | Copy number | Price effective from | Koha item type |
|---|---|---|---|---|---|---|---|---|---|---|---|---|---|---|---|
| Dewey Decimal Classification | Colección General | Biblioteca Pública Metropolitana Salomé Ureña | Biblioteca Pública Metropolitana Salomé Ureña | 09/19/2016 | Compra | BPMST16090406 | 09/19/2016 | v. 4 | 09/19/2016 | Libros |